000 01062nam a2200313 i 4500
001 35708
003 KOSZ 005
005 20191022074649.0
008 080928s1957 pl a f 000 0 pol
015 _aPB 1957/7753
040 _aWA N
_cKOSZ 005/RW
_dKOSZ 005/RW
_dKOSZ 005/HR
046 _k1957
080 _a621.73/.77
100 1 _aSzopski, Kazimierz
_d(1911-1976).
_eAutor
245 1 0 _aObróbka metali na wyoblarkach /
_cKazimierz Szopski.
260 _aWarszawa :
_bPaństwowe Wydawnictwa Techniczne,
_c1957.
300 _a107, [1] s. :
_bil. ;
_c21 cm.
380 _aKsiążki.
388 _a19001-
504 _aBibliogr. s. [108].
521 8 _aDla robotników, mistrzów i techników.
650 4 _aWyoblanie.
658 _aInżynieria i technika
650 4 _aObróbka metali
650 4 _aObróbka plastyczna
710 2 _aPaństwowe Wydawnictwa Techniczne
_4pbl.
856 _uhttp://koha.tu.koszalin.pl/cgi-bin/koha/opac-detail.pl?biblionumber=35708
_yKatalog online BPK
942 _2UKD
_cKS
999 _c35708
_d35708